Score 0/114 Timer 10:00
0 Plays Today
Answer % Correct
a
100%
and
100%
a
100%
the
100%
an
100%
and
100%
A
100%
a
100%
the
100%
a
100%
and
100%
the
100%
And
100%
I
85.7%
Loves
71.4%
It
71.4%
to
71.4%
to
71.4%
it,
71.4%
one
71.4%
to
71.4%
do
71.4%
it
71.4%
it,
71.4%
So
71.4%
it
71.4%
on
71.4%
'L'
71.4%
Love
71.4%
So.'
71.4%
it
71.4%
on
71.4%
One
71.4%
can
71.4%
down
71.4%
there
71.4%
it,
71.4%
or
71.4%
Answer % Correct
it,
71.4%
or
71.4%
it.
71.4%
Loves
71.4%
'Myrtle
57.1%
Harry'--
57.1%
is
57.1%
remember
57.1%
like
57.1%
that,
57.1%
no
57.1%
knows
57.1%
what
57.1%
with
57.1%
when
57.1%
he
57.1%
has
57.1%
out
57.1%
that
57.1%
under
57.1%
yellow
57.1%
light
57.1%
of
57.1%
that
57.1%
says
57.1%
where
57.1%
else
57.1%
'Jesus
57.1%
Saves.
57.1%
Jesus
57.1%
Saves.'
57.1%
with
57.1%
forget
57.1%
'Myrtle
57.1%
Harry.'
57.1%
They
57.1%
live
57.1%
somewhere.
57.1%
Answer % Correct
sometimes
42.9%
hard
42.9%
thing
42.9%
Hard
42.9%
think
42.9%
about
42.9%
write
42.9%
billboard
42.9%
platform
42.9%
among
42.9%
popcorn
42.9%
wrappers
42.9%
cigars,
42.9%
poster
42.9%
'Mama
42.9%
Crispy
42.9%
Wafers
42.9%
Leave
42.9%
somebody
42.9%
gave
42.9%
blonde
42.9%
lady
42.9%
pencil
42.9%
moustache,
42.9%
another
42.9%
citizen
42.9%
deposited:
42.9%
this
42.9%
others,
42.9%
never
42.9%
lose
42.9%
stands
28.6%
perplexed
28.6%
lay
28.6%
bundle
28.6%
want
28.6%
crushed
14.3%
placard
14.3%

You're not logged in!

Compare scores with friends on all Sporcle quizzes.
OR
Log In

Sporcle TV

Today on Sporcle TV


Watch our educational content, quiz creation guides, and fun videos on Sporcle TV.

Show Comments

Extras

Created Jun 30, 2019ReportNominate
Tags:Poem Quiz, kenneth, metropolis, poetry

Top Quizzes Today


Score Distribution

Paid Content

Your Account Isn't Verified!

In order to create a playlist on Sporcle, you need to verify the email address you used during registration. Go to your Sporcle Settings to finish the process.

Report this User

Report this user for behavior that violates our Community Guidelines.

Details: